Statistics for Google Letters: Asian Countries

Click here to take the quiz!

General Stats

  • This quiz has been taken 42 times
  • The average score is 43 of 48

Answer Stats

Country # of Letters % Correct
Afghanistan3
97%
Bhutan2
94%
Burma4
94%
Bangladesh3
94%
Armenia7
94%
Bahrain3
94%
Azerbaijan2
94%
Pakistan3
91%
Saudi Arabia3
91%
Qatar2
91%
Mongolia4
91%
Singapore3
91%
Nepal3
91%
Oman4
91%
United Arab Emirates7
91%
Vietnam2
91%
Yemen2
91%
Uzbekistan2
91%
Turkmenistan3
91%
Turkey5
91%
Taiwan3
91%
Laos3
91%
Iraq4
91%
Japan3
91%
Jordan3
91%
Brunei4
91%
Cambodia3
91%
Cyprus2
89%
India5
89%
Syria4
89%
Tajikistan4
89%
Thailand5
89%
Sri Lanka4
89%
Georgia6
89%
China4
89%
East Timor4
89%
Iran3
89%
Kazakhstan3
89%
Maldives4
89%
Malaysia4
89%
Kuwait3
89%
South Korea6
89%
North Korea6
89%
Indonesia5
89%
Kyrgyzstan4
89%
Philippines7
89%
Lebanon4
86%
Israel3
86%

Score Distribution

Percentile by Number Answered

Percent of People with Each Score

Your Score History

You have not taken this quiz